Tribhuvan University Central Library

How to know the lichens (Record no. 7866)

MARC details
000 -LEADER
fixed length control field 003340000a22001570004500
082 ## - DEWEY DECIMAL CLASSIFICATION NUMBER
Classification number 589.1
Item number H134h
041 ## - LANGUAGE CODE
Language code of text/sound track or separate title Eng
100 ## - MAIN ENTRY--PERSONAL NAME
Personal name Hale, Mason E.
245 ## - TITLE STATEMENT
Title How to know the lichens
260 ## - PUBLICATION, DISTRIBUTION, ETC. (IMPRINT)
Place of publication, distribution, etc Dubuque 'Iowa'
Name of publisher, distributor, etc W.M.C Brown
260 ## - PUBLICATION, DISTRIBUTION, ETC. (IMPRINT)
Date of publication, distribution, etc 1969
300 ## - PHYSICAL DESCRIPTION
Extent vii,226p.
Other physical details illus.
530 ## - ADDITIONAL PHYSICAL FORM AVAILABLE NOTE
Additional physical form available note M
650 ## - SUBJECT ADDED ENTRY--TOPICAL TERM
Topical term or geographic name as entry element Lichens
942 ## - ADDED ENTRY ELEMENTS (KOHA)
Koha item type General Collections

No items available.